| 000 | 00725nam a2200181Ia 4500 | ||
|---|---|---|---|
| 008 | 100920s9999 xx 000 0 und d | ||
| 082 |
_b67611 _a28 व 891,43 थ 94 |
||
| 100 | _aपाण्डेय विनोद चन्द्र ,सत्यार्थी कमल. | ||
| 245 | _aप्राचीन कथाएं. | ||
| 260 |
_bसूचना और प्रसारण मन्त्रालय, भारत सरकार. _c1994 |
||
| 300 |
_a60 _bसाधी |
||
| 365 | _b25 | ||
| 520 | _aबा.वि.हिंदी. | ||
| 630 | _aप्राचीन कथाएं. | ||
| 650 | _aबा.वि.हिंदी. | ||
| 730 | _aप्राचीन कथाएं. | ||
| 942 | _cBOOK | ||
| 999 |
_c710049 _d710046 |
||